000 01102 a2200265 4500
003 NUST
005 20230307103457.0
010 _a 79025054
020 _a0878350845 (pbk.) :
020 _a0878350926 :
040 _cNust
082 0 0 _a333.7,ENE
245 0 0 _aEnergy and the way we live :
_ba Courses by Newspaper reader /
_cedited by Melvin Kranzberg and Timothy A. Hall with Jane L. Scheiber.
260 _aSan Francisco :
_bBoyd & Fraser Pub. Co.,
_cc1980.
300 _axxi, 496, 80 p. :
_bill. ;
_c24 cm.
505 _aThe Current Energy Dilemma (Page-3), Lessons From The Past: Problems, Solutions And More Problems (Page-59), Energy And Values (Page-107), Alternative Scenarios For Our Energy Future (Page-259).
650 0 _aEnergy policy
_zUnited States.
_982359
650 0 _aPower resources
_zUnited States.
_9105099
651 0 _aUnited States
_xCivilization
_y1970-
_9105100
700 1 _aHall, Timothy A.
_9105101
700 1 _aKranzberg, Melvin.
_9105102
700 1 _aScheiber, Jane L.
_9105103
710 2 _aCourses by Newspaper (Project)
_9105104
942 _2ddc
_cBK
_k333.7,ENE
999 _c184317
_d184317